[Event "World Chess Olympiad 2018"]
[Site "Batumi"]
[Date "2018.09.25"]
[Round "2"]
[Board "2"]
[WhiteFideId "3205207"]
[White "Illingworth Max"]
[BlackFideId "13502956"]
[Black "Zhigalko Sergei"]
[Result "1/2-1/2"]
[LiveChessVersion "1.4.8"]
[BlackElo "2610"]
[WhiteElo "2512"]

1. e4 {[%clk 1:30:32]} c5 {[%clk 1:30:57]} 2. Nf3 {[%clk 1:30:36]} Nc6
{[%clk 1:31:21]} 3. d4 {[%clk 1:30:37]} cxd4 {[%clk 1:31:48]} 4. Nxd4
{[%clk 1:30:54]} Nf6 {[%clk 1:32:14]} 5. Nc3 {[%clk 1:31:08]} e5 {[%clk 1:32:37]}
6. Ndb5 {[%clk 1:31:01]} d6 {[%clk 1:33:00]} 7. Bg5 {[%clk 1:31:04]} a6
{[%clk 1:33:15]} 8. Na3 {[%clk 1:31:11]} b5 {[%clk 1:33:38]} 9. Nd5
{[%clk 1:31:14]} Be7 {[%clk 1:33:56]} 10. Bxf6 {[%clk 1:31:22]} Bxf6
{[%clk 1:34:20]} 11. c3 {[%clk 1:31:19]} Bg5 {[%clk 1:34:42]} 12. Nc2
{[%clk 1:31:26]} Ne7 {[%clk 1:34:42]} 13. h4 {[%clk 1:31:20]} Bh6
{[%clk 1:34:53]} 14. a4 {[%clk 1:31:16]} bxa4 {[%clk 1:34:42]} 15. Ncb4
{[%clk 1:31:16]} O-O {[%clk 1:34:14]} 16. Rxa4 {[%clk 1:30:54]} a5
{[%clk 1:27:46]} 17. Nxe7+ {[%clk 1:30:48]} Qxe7 {[%clk 1:28:11]} 18. Nd5
{[%clk 1:30:48]} Qd8 {[%clk 1:15:32]} 19. g3 {[%clk 1:30:13]} Kh8
{[%clk 1:06:25]} 20. Be2 {[%clk 1:29:16]} Be6 {[%clk 0:58:27]} 21. O-O
{[%clk 1:19:43]} g6 {[%clk 0:58:04]} 22. h5 {[%clk 1:16:05]} Rb8 {[%clk 0:39:17]}
23. b3 {[%clk 0:58:12]} Rc8 {[%clk 0:27:10]} 24. hxg6 {[%clk 0:47:30]} hxg6
{[%clk 0:27:27]} 25. Kg2 {[%clk 0:46:09]} Kg7 {[%clk 0:26:46]} 26. Rh1
{[%clk 0:44:51]} Rc5 {[%clk 0:25:34]} 27. Bc4 {[%clk 0:38:04]} Bd7
{[%clk 0:13:48]} 28. Ra3 {[%clk 0:37:47]} f5 {[%clk 0:12:46]} 29. Qe2
{[%clk 0:17:57]} f4 {[%clk 0:10:27]} 30. f3 {[%clk 0:14:22]} Qg5 {[%clk 0:06:55]}
31. Qe1 {[%clk 0:11:35]} fxg3 {[%clk 0:06:28]} 32. Ra2 {[%clk 0:11:31]} Rb8
{[%clk 0:01:00]} 33. Qxg3 {[%clk 0:05:33]} a4 {[%clk 0:00:55]} 34. Rha1
{[%clk 0:04:25]} Qd8 {[%clk 0:00:46]} 35. Rxa4 {[%clk 0:04:04]} Bxa4
{[%clk 0:01:13]} 36. Rxa4 {[%clk 0:04:29]} Rb7 {[%clk 0:01:13]} 37. Bd3
{[%clk 0:03:02]} Bf4 {[%clk 0:00:57]} 38. Qg4 {[%clk 0:02:49]} Qh8
{[%clk 0:00:40]} 39. Nxf4 {[%clk 0:01:08]} exf4 {[%clk 0:01:08]} 40. Qxf4
{[%clk 0:30:48]} Re5 {[%clk 0:30:34]} 41. Bc4 {[%clk 0:22:10]} Qb8
{[%clk 0:23:20]} 42. Qe3 {[%clk 0:21:41]} Qd8 {[%clk 0:19:45]} 43. Bd5
{[%clk 0:19:15]} Rc7 {[%clk 0:09:29]} 44. f4 {[%clk 0:18:03]} Rh5
{[%clk 0:09:55]} 45. Qd4+ {[%clk 0:17:53]} Qf6 {[%clk 0:09:53]} 46. Qxf6+
{[%clk 0:16:11]} Kxf6 {[%clk 0:10:21]} 47. Ra6 {[%clk 0:16:28]} Rxc3
{[%clk 0:10:00]} 48. Rxd6+ {[%clk 0:16:49]} Kg7 {[%clk 0:10:12]} 49. Rd7+
{[%clk 0:16:54]} Kf8 {[%clk 0:07:35]} 50. Rf7+ {[%clk 0:15:11]} Ke8
{[%clk 0:07:21]} 51. Rg7 {[%clk 0:12:29]} Rh4 {[%clk 0:07:27]} 52. Rxg6
{[%clk 0:11:56]} Rxf4 {[%clk 0:07:51]} 53. b4 {[%clk 0:10:54]} Re3
{[%clk 0:04:08]} 54. b5 {[%clk 0:09:41]} Rexe4 {[%clk 0:03:26]} 55. Rg8+
{[%clk 0:10:02]} Kd7 {[%clk 0:03:36]} 56. Bxe4 {[%clk 0:10:24]} Rxe4
{[%clk 0:04:03]} 57. Kf3 {[%clk 0:10:41]} Rd4 1/2-1/2

[Event "World Chess Olympiad 2018"]
[Site "Batumi"]
[Date "2018.09.25"]
[Round "2"]
[Board "3"]
[WhiteFideId "13500139"]
[White "Aleksandrov Aleksej"]
[BlackFideId "4300033"]
[Black "Cheng Bobby"]
[Result "1/2-1/2"]
[LiveChessVersion "1.4.8"]
[BlackElo "2507"]
[WhiteElo "2602"]

1. d4 {[%clk 1:30:57]} d5 {[%clk 1:30:57]} 2. c4 {[%clk 1:31:21]} e6
{[%clk 1:31:24]} 3. Nc3 {[%clk 1:31:45]} Be7 {[%clk 1:31:50]} 4. cxd5
{[%clk 1:30:44]} exd5 {[%clk 1:32:14]} 5. Bf4 {[%clk 1:30:53]} c6
{[%clk 1:32:28]} 6. Qc2 {[%clk 1:30:21]} Nf6 {[%clk 1:32:31]} 7. h3
{[%clk 1:27:34]} g6 {[%clk 1:30:20]} 8. e3 {[%clk 1:27:30]} Bf5 {[%clk 1:30:42]}
9. Qb3 {[%clk 1:26:46]} Qb6 {[%clk 1:24:53]} 10. g4 {[%clk 1:27:06]} Qxb3
{[%clk 1:22:30]} 11. axb3 {[%clk 1:27:26]} Bc2 {[%clk 1:22:54]} 12. Nf3
{[%clk 1:16:22]} Ne4 {[%clk 1:23:20]} 13. Nxe4 {[%clk 1:14:23]} Bxe4
{[%clk 1:22:12]} 14. Be2 {[%clk 1:14:42]} Bb4+ {[%clk 1:07:01]} 15. Kd1
{[%clk 1:07:55]} Nd7 {[%clk 1:07:23]} 16. Rg1 {[%clk 1:07:54]} Bxf3
{[%clk 1:07:46]} 17. Bxf3 {[%clk 1:07:52]} O-O {[%clk 1:08:03]} 18. h4
{[%clk 1:04:26]} Rfe8 {[%clk 1:03:00]} 19. Be2 {[%clk 0:55:10]} a6
{[%clk 0:55:04]} 20. Kc2 {[%clk 0:54:38]} Bf8 {[%clk 0:51:06]} 21. Rad1
{[%clk 0:49:34]} Bg7 {[%clk 0:44:51]} 22. Kb1 {[%clk 0:47:42]} Nf8
{[%clk 0:44:54]} 23. Bg3 {[%clk 0:40:23]} Ne6 {[%clk 0:41:42]} 24. Bd3
{[%clk 0:40:39]} Rad8 {[%clk 0:38:44]} 25. Bc2 {[%clk 0:38:38]} Bf8
{[%clk 0:29:46]} 26. Be5 {[%clk 0:37:08]} Bg7 {[%clk 0:27:32]} 27. Bxg7
{[%clk 0:36:32]} Kxg7 {[%clk 0:27:15]} 28. b4 {[%clk 0:33:40]} Nc7
{[%clk 0:24:14]} 29. Bd3 {[%clk 0:32:58]} h6 {[%clk 0:19:26]} 30. Kc2
{[%clk 0:30:59]} Re7 {[%clk 0:19:53]} 31. Rg3 {[%clk 0:20:35]} Ne8
{[%clk 0:12:07]} 32. Kd2 {[%clk 0:13:13]} Nd6 {[%clk 0:12:25]} 33. Ke2
{[%clk 0:13:35]} Ra8 {[%clk 0:11:32]} 34. Ra1 {[%clk 0:13:21]} Rae8
{[%clk 0:11:46]} 35. Rag1 {[%clk 0:13:38]} Ra8 {[%clk 0:10:07]} 36. Ra1
{[%clk 0:13:36]} Rae8 {[%clk 0:10:31]} 37. Rag1 {[%clk 0:13:37]} Ra8
{[%clk 0:10:40]} 1/2-1/2

[Event "World Chess Olympiad 2018"]
[Site "Batumi"]
[Date "2018.09.25"]
[Round "2"]
[Board "4"]
[WhiteFideId "3205800"]
[White "Morris James"]
[BlackFideId "13503758"]
[Black "Stupak Kirill"]
[Result "1/2-1/2"]
[LiveChessVersion "1.4.8"]
[BlackElo "2583"]
[WhiteElo "2494"]

1. d4 {[%clk 1:30:55]} Nf6 {[%clk 1:30:59]} 2. c4 {[%clk 1:31:13]} e6
{[%clk 1:31:27]} 3. Nf3 {[%clk 1:31:32]} Bb4+ {[%clk 1:31:52]} 4. Bd2
{[%clk 1:31:09]} a5 {[%clk 1:29:41]} 5. g3 {[%clk 1:29:40]} b6 {[%clk 1:30:06]}
6. Bg2 {[%clk 1:30:02]} Bb7 {[%clk 1:30:34]} 7. O-O {[%clk 1:30:25]} O-O
{[%clk 1:30:10]} 8. Bg5 {[%clk 1:28:23]} Be7 {[%clk 1:25:49]} 9. Nc3
{[%clk 1:25:00]} Ne4 {[%clk 1:25:10]} 10. Bxe7 {[%clk 1:19:23]} Qxe7
{[%clk 1:25:37]} 11. Rc1 {[%clk 1:19:49]} d6 {[%clk 1:23:36]} 12. Re1
{[%clk 1:12:23]} Nd7 {[%clk 1:20:54]} 13. Nh4 {[%clk 1:07:20]} f5
{[%clk 1:12:00]} 14. Bxe4 {[%clk 0:59:59]} fxe4 {[%clk 1:10:16]} 15. Ng2
{[%clk 0:59:39]} Qf7 {[%clk 0:54:40]} 16. Rf1 {[%clk 0:59:57]} Rae8
{[%clk 0:52:10]} 17. Ne3 {[%clk 0:50:11]} Qh5 {[%clk 0:38:06]} 18. d5
{[%clk 0:49:26]} Nf6 {[%clk 0:37:19]} 19. dxe6 {[%clk 0:37:42]} Rxe6
{[%clk 0:37:27]} 20. Ncd5 {[%clk 0:38:09]} Nxd5 {[%clk 0:33:49]} 21. cxd5
{[%clk 0:37:33]} Re7 {[%clk 0:33:36]} 22. h4 {[%clk 0:10:12]} Ref7
{[%clk 0:26:09]} 23. Qc2 {[%clk 0:06:04]} Bxd5 {[%clk 0:24:44]} 24. Nxd5
{[%clk 0:05:02]} Qxd5 {[%clk 0:25:10]} 25. Qc4 {[%clk 0:05:28]} Qe5
{[%clk 0:12:54]} 26. Qb3 {[%clk 0:04:26]} Kh8 {[%clk 0:11:04]} 27. Rc2
{[%clk 0:04:25]} h6 {[%clk 0:09:54]} 28. e3 {[%clk 0:02:11]} d5 {[%clk 0:08:12]}
29. Qc3 {[%clk 0:00:49]} Qxc3 {[%clk 0:00:36]} 30. bxc3 {[%clk 0:01:18]} b5
{[%clk 0:00:39]} 31. a4 {[%clk 0:01:45]} bxa4 {[%clk 0:00:38]} 32. Ra1
{[%clk 0:01:37]} Rb8 {[%clk 0:00:36]} 33. Rxa4 {[%clk 0:01:54]} Rb5
{[%clk 0:00:54]} 34. Rca2 {[%clk 0:01:50]} c6 {[%clk 0:00:34]} 35. Rxa5
{[%clk 0:02:16]} Rfb7 {[%clk 0:00:58]} 36. Ra8+ {[%clk 0:02:05]} Kh7
{[%clk 0:00:41]} 37. Rc8 {[%clk 0:02:09]} Rc5 {[%clk 0:00:46]} 38. h5
{[%clk 0:01:38]} g6 {[%clk 0:01:07]} 39. hxg6+ {[%clk 0:02:05]} Kxg6
{[%clk 0:01:36]} 40. Ra6 {[%clk 0:32:29]} Rxc3 {[%clk 0:31:30]} 41. Rcxc6+
{[%clk 0:30:33]} Rxc6 {[%clk 0:31:36]} 1/2-1/2

[Event "World Chess Olympiad 2018"]
[Site "Batumi"]
[Date "2018.09.25"]
[Round "2"]
[Board "1"]
[WhiteFideId "13900048"]
[White "Bologan Victor"]
[BlackFideId "2900017"]
[Black "Georgiev Kiril"]
[Result "0-1"]
[LiveChessVersion "1.4.8"]
[BlackElo "2590"]
[WhiteElo "2580"]

1. e4 {[%clk 1:30:56]} e5 {[%clk 1:30:39]} 2. Nf3 {[%clk 1:31:21]} Nc6
{[%clk 1:31:01]} 3. Bb5 {[%clk 1:31:16]} Nf6 {[%clk 1:30:20]} 4. O-O
{[%clk 1:30:54]} Nxe4 {[%clk 1:30:30]} 5. d4 {[%clk 1:31:11]} Nd6
{[%clk 1:30:44]} 6. Bxc6 {[%clk 1:31:37]} dxc6 {[%clk 1:31:05]} 7. dxe5
{[%clk 1:32:03]} Nf5 {[%clk 1:31:20]} 8. Qxd8+ {[%clk 1:32:30]} Kxd8
{[%clk 1:31:39]} 9. Nc3 {[%clk 1:32:12]} Ke8 {[%clk 1:30:39]} 10. h3
{[%clk 1:29:34]} h5 {[%clk 1:28:51]} 11. Bg5 {[%clk 1:27:41]} Be6
{[%clk 1:24:51]} 12. Rad1 {[%clk 1:27:47]} Be7 {[%clk 1:14:12]} 13. a3
{[%clk 1:16:31]} h4 {[%clk 0:57:33]} 14. Rd2 {[%clk 1:12:56]} Rd8
{[%clk 0:57:27]} 15. Rfd1 {[%clk 1:05:50]} Rxd2 {[%clk 0:56:59]} 16. Rxd2
{[%clk 1:04:45]} Rh5 {[%clk 0:55:23]} 17. Bf4 {[%clk 0:55:24]} b6
{[%clk 0:44:39]} 18. Rd1 {[%clk 0:49:42]} Kf8 {[%clk 0:38:26]} 19. Bc1
{[%clk 0:43:25]} Ke8 {[%clk 0:38:01]} 20. Ne2 {[%clk 0:42:01]} Bd5
{[%clk 0:36:23]} 21. Ne1 {[%clk 0:40:40]} Bg5 {[%clk 0:31:20]} 22. Bxg5
{[%clk 0:23:58]} Rxg5 {[%clk 0:31:44]} 23. Nf4 {[%clk 0:18:20]} Ne7
{[%clk 0:24:49]} 24. Nxd5 {[%clk 0:17:49]} cxd5 {[%clk 0:24:58]} 25. Nf3
{[%clk 0:18:07]} Rf5 {[%clk 0:24:22]} 26. Rd4 {[%clk 0:14:51]} g5
{[%clk 0:23:11]} 27. c4 {[%clk 0:13:05]} c5 {[%clk 0:21:04]} 28. Rg4
{[%clk 0:12:12]} dxc4 {[%clk 0:16:29]} 29. Rxc4 {[%clk 0:10:18]} Nc6
{[%clk 0:14:44]} 30. b4 {[%clk 0:07:31]} Nxe5 {[%clk 0:11:34]} 31. Re4
{[%clk 0:07:12]} f6 {[%clk 0:11:50]} 32. bxc5 {[%clk 0:07:22]} bxc5
{[%clk 0:11:33]} 33. Kf1 {[%clk 0:07:24]} Kd7 {[%clk 0:10:13]} 34. Nxe5+
{[%clk 0:04:50]} Rxe5 {[%clk 0:10:17]} 35. Ra4 {[%clk 0:05:16]} Kc6
{[%clk 0:09:45]} 36. Rxa7 {[%clk 0:03:12]} c4 {[%clk 0:09:54]} 37. Ra8
{[%clk 0:01:46]} Kc5 {[%clk 0:06:17]} 38. Rc8+ {[%clk 0:00:31]} Kd4
{[%clk 0:06:46]} 0-1

[Event "World Chess Olympiad 2018"]
[Site "Batumi"]
[Date "2018.09.25"]
[Round "2"]
[Board "2"]
[WhiteFideId "2903024"]
[White "Georgiev Vladimir"]
[BlackFideId "13902393"]
[Black "Hamitevici Vladimir"]
[Result "0-1"]
[LiveChessVersion "1.4.8"]
[BlackElo "2505"]
[WhiteElo "2479"]

1. d4 {[%clk 1:30:55]} Nf6 {[%clk 1:30:50]} 2. Nf3 {[%clk 1:30:51]} b6
{[%clk 1:30:10]} 3. Bg5 {[%clk 1:30:43]} Bb7 {[%clk 1:28:51]} 4. e3
{[%clk 1:27:45]} g6 {[%clk 1:24:16]} 5. Bxf6 {[%clk 1:21:35]} exf6
{[%clk 1:22:20]} 6. c4 {[%clk 1:22:03]} Bg7 {[%clk 1:18:32]} 7. Nc3
{[%clk 1:19:11]} f5 {[%clk 1:16:05]} 8. h4 {[%clk 1:19:06]} h5 {[%clk 1:15:52]}
9. Be2 {[%clk 1:17:58]} Nc6 {[%clk 1:10:44]} 10. Ng5 {[%clk 1:17:29]} Ne7
{[%clk 1:08:42]} 11. d5 {[%clk 1:05:36]} Ng8 {[%clk 1:06:42]} 12. Bf3
{[%clk 1:04:21]} Nh6 {[%clk 0:56:15]} 13. Qd2 {[%clk 0:56:37]} O-O
{[%clk 0:52:06]} 14. e4 {[%clk 0:49:55]} d6 {[%clk 0:46:32]} 15. exf5
{[%clk 0:38:54]} Re8+ {[%clk 0:46:36]} 16. Be2 {[%clk 0:38:55]} Nxf5
{[%clk 0:46:23]} 17. O-O-O {[%clk 0:39:01]} a6 {[%clk 0:33:31]} 18. Bd3
{[%clk 0:35:56]} Bc8 {[%clk 0:33:34]} 19. Nce4 {[%clk 0:31:57]} b5
{[%clk 0:32:02]} 20. g4 {[%clk 0:32:09]} bxc4 {[%clk 0:31:00]} 21. gxf5
{[%clk 0:27:41]} cxd3 {[%clk 0:29:28]} 22. fxg6 {[%clk 0:27:29]} fxg6
{[%clk 0:29:19]} 23. Qxd3 {[%clk 0:27:44]} Bf5 {[%clk 0:27:09]} 24. Rhe1
{[%clk 0:24:47]} Rb8 {[%clk 0:24:59]} 25. Rd2 {[%clk 0:24:59]} Rb5
{[%clk 0:14:34]} 26. Rde2 {[%clk 0:23:09]} Be5 {[%clk 0:06:49]} 27. Qd2
{[%clk 0:19:19]} Rf8 {[%clk 0:03:14]} 28. Qd3 {[%clk 0:15:35]} Qa8
{[%clk 0:02:41]} 29. Qc4 {[%clk 0:12:41]} Qxd5 {[%clk 0:02:35]} 30. Qxc7
{[%clk 0:12:41]} Rb7 {[%clk 0:01:35]} 31. Qc2 {[%clk 0:11:40]} Qxa2
{[%clk 0:01:20]} 32. Nc3 {[%clk 0:06:51]} Bf4+ {[%clk 0:01:08]} 0-1

[Event "World Chess Olympiad 2018"]
[Site "Batumi"]
[Date "2018.09.25"]
[Round "2"]
[Board "3"]
[WhiteFideId "13900463"]
[White "Svetushkin Dmitry"]
[BlackFideId "15002187"]
[Black "Pancevski Filip"]
[Result "1-0"]
[LiveChessVersion "1.4.8"]
[BlackElo "2489"]
[WhiteElo "2580"]

1. e4 {[%clk 1:30:55]} d6 {[%clk 1:30:54]} 2. d4 {[%clk 1:31:18]} Nf6
{[%clk 1:31:22]} 3. Bd3 {[%clk 1:31:31]} e5 {[%clk 1:31:43]} 4. c3
{[%clk 1:31:55]} g6 {[%clk 1:32:01]} 5. Nf3 {[%clk 1:32:17]} Nbd7
{[%clk 1:32:25]} 6. O-O {[%clk 1:32:36]} Bg7 {[%clk 1:32:48]} 7. a4
{[%clk 1:32:59]} O-O {[%clk 1:32:31]} 8. Re1 {[%clk 1:33:24]} Re8
{[%clk 1:32:29]} 9. Nbd2 {[%clk 1:33:44]} a5 {[%clk 1:32:28]} 10. h3
{[%clk 1:31:38]} b6 {[%clk 1:14:42]} 11. Bb5 {[%clk 1:22:17]} Bb7
{[%clk 0:59:09]} 12. d5 {[%clk 1:20:31]} Nh5 {[%clk 0:50:36]} 13. b4
{[%clk 1:17:02]} axb4 {[%clk 0:38:56]} 14. cxb4 {[%clk 1:16:58]} f5
{[%clk 0:37:25]} 15. a5 {[%clk 1:14:32]} bxa5 {[%clk 0:26:35]} 16. bxa5
{[%clk 1:14:55]} Ba6 {[%clk 0:27:03]} 17. Bxa6 {[%clk 1:09:18]} Rxa6
{[%clk 0:27:32]} 18. Nc4 {[%clk 1:09:37]} fxe4 {[%clk 0:18:59]} 19. Ng5
{[%clk 1:07:11]} Nc5 {[%clk 0:19:10]} 20. Nxe4 {[%clk 1:05:27]} Nxe4
{[%clk 0:17:49]} 21. Rxe4 {[%clk 1:05:51]} Qa8 {[%clk 0:18:07]} 22. Bg5
{[%clk 1:02:27]} Rb8 {[%clk 0:07:01]} 23. Qd3 {[%clk 0:53:48]} c6
{[%clk 0:03:15]} 24. dxc6 {[%clk 0:50:42]} Qxc6 {[%clk 0:03:40]} 25. Rd1
{[%clk 0:51:04]} Bf8 {[%clk 0:03:45]} 26. Re2 {[%clk 0:42:28]} Rb5
{[%clk 0:03:28]} 27. Rc2 {[%clk 0:37:15]} e4 {[%clk 0:03:04]} 28. Qd2
{[%clk 0:37:36]} Rc5 {[%clk 0:03:10]} 29. Rdc1 {[%clk 0:35:36]} Qd5
{[%clk 0:02:10]} 30. Qxd5+ {[%clk 0:28:27]} Rxd5 {[%clk 0:02:39]} 31. Be3
{[%clk 0:28:47]} Rb5 {[%clk 0:02:16]} 32. Bb6 {[%clk 0:28:24]} Nf4
{[%clk 0:01:34]} 33. Rd1 {[%clk 0:26:41]} Nd3 {[%clk 0:01:14]} 34. Ne3
{[%clk 0:25:13]} d5 {[%clk 0:00:49]} 35. Rc7 {[%clk 0:23:16]} d4 {[%clk 0:00:41]}
36. Bxd4 {[%clk 0:19:03]} Rbxa5 {[%clk 0:01:08]} 37. Ng4 {[%clk 0:18:53]} Rf5
{[%clk 0:01:00]} 38. f3 {[%clk 0:17:46]} Nc5 {[%clk 0:00:35]} 39. Rc8
{[%clk 0:13:13]} g5 {[%clk 0:00:34]} 40. Ne3 {[%clk 0:43:04]} 1-0

[Event "World Chess Olympiad 2018"]
[Site "Batumi"]
[Date "2018.09.25"]
[Round "2"]
[Board "4"]
[WhiteFideId "15000605"]
[White "Nedev Trajko"]
[BlackFideId "13900897"]
[Black "Morozov Nichita"]
[Result "1/2-1/2"]
[LiveChessVersion "1.4.8"]
[BlackElo "2452"]
[WhiteElo "2496"]

1. e4 {[%clk 1:30:55]} e5 {[%clk 1:30:57]} 2. Nf3 {[%clk 1:31:20]} Nc6
{[%clk 1:31:24]} 3. Bc4 {[%clk 1:31:37]} Bc5 {[%clk 1:31:49]} 4. O-O
{[%clk 1:32:00]} d6 {[%clk 1:32:08]} 5. c3 {[%clk 1:32:11]} Bb6 {[%clk 1:32:16]}
6. d3 {[%clk 1:30:10]} h6 {[%clk 1:31:50]} 7. Re1 {[%clk 1:24:37]} Qf6
{[%clk 1:31:10]} 8. Be3 {[%clk 1:23:57]} Nge7 {[%clk 1:31:10]} 9. Nbd2
{[%clk 1:21:25]} Ng6 {[%clk 1:27:12]} 10. a4 {[%clk 0:54:05]} O-O
{[%clk 1:25:12]} 11. h3 {[%clk 0:51:45]} Nf4 {[%clk 1:19:18]} 12. Nf1
{[%clk 0:51:16]} Be6 {[%clk 1:15:14]} 13. Ng3 {[%clk 0:49:07]} g6
{[%clk 1:07:28]} 14. Bb5 {[%clk 0:42:55]} a6 {[%clk 1:01:00]} 15. Bxc6
{[%clk 0:42:59]} bxc6 {[%clk 1:01:21]} 16. d4 {[%clk 0:43:13]} a5
{[%clk 0:59:50]} 17. Bxf4 {[%clk 0:39:08]} Qxf4 {[%clk 1:00:01]} 18. Nf5
{[%clk 0:39:11]} gxf5 {[%clk 0:56:58]} 19. g3 {[%clk 0:39:10]} Bb3
{[%clk 0:56:37]} 20. gxf4 {[%clk 0:34:54]} Bxd1 {[%clk 0:57:03]} 21. Raxd1
{[%clk 0:35:21]} fxe4 {[%clk 0:53:43]} 22. Rxe4 {[%clk 0:35:23]} exd4
{[%clk 0:52:04]} 23. Nxd4 {[%clk 0:29:35]} Bxd4 {[%clk 0:49:22]} 24. cxd4
{[%clk 0:26:43]} Rfb8 {[%clk 0:47:21]} 25. Re7 {[%clk 0:25:09]} Rxb2
{[%clk 0:43:10]} 26. Rxc7 {[%clk 0:25:33]} Rb4 {[%clk 0:42:36]} 27. Rxc6
{[%clk 0:21:08]} Rd8 {[%clk 0:43:03]} 28. Ra1 {[%clk 0:14:30]} Rxd4
{[%clk 0:43:27]} 29. Ra6 {[%clk 0:14:56]} Rd5 {[%clk 0:43:53]} 30. Rb1
{[%clk 0:15:16]} Rc8 {[%clk 0:43:07]} 31. Rbb6 {[%clk 0:13:24]} Rc4
{[%clk 0:41:26]} 32. Rxd6 {[%clk 0:13:40]} Rxd6 {[%clk 0:41:49]} 33. Rxd6
{[%clk 0:14:07]} Kg7 34. f5 {[%clk 0:14:32]} Rxa4 {[%clk 0:42:00]} 35. Ra6
{[%clk 0:14:57]} h5 {[%clk 0:42:20]} 36. Kg2 {[%clk 0:14:53]} Ra3
{[%clk 0:41:16]} 37. h4 {[%clk 0:12:36]} Ra4 {[%clk 0:41:37]} 38. Kh3
{[%clk 0:10:18]} Rf4 {[%clk 0:41:32]} 39. Rxa5 {[%clk 0:10:25]} Rxf2
{[%clk 0:41:57]} 40. Kg3 {[%clk 0:40:43]} Rf1 {[%clk 1:12:24]} 41. Kg2
{[%clk 0:33:49]} Rf4 {[%clk 1:12:50]} 42. Kg3 {[%clk 0:34:12]} Rg4+
{[%clk 1:13:16]} 43. Kh3 {[%clk 0:34:39]} Rb4 {[%clk 1:13:16]} 44. Kg3
{[%clk 0:21:16]} Kf6 {[%clk 1:13:23]} 45. Rc5 {[%clk 0:21:38]} Rg4+
{[%clk 1:13:20]} 46. Kh3 {[%clk 0:22:04]} Re4 {[%clk 1:13:48]} 47. Kg3
{[%clk 0:21:46]} Re5 {[%clk 1:13:57]} 48. Rc6+ {[%clk 0:21:40]} Kxf5
{[%clk 1:14:21]} 49. Rh6 {[%clk 0:21:54]} Ke4 {[%clk 1:14:25]} 50. Ra6
{[%clk 0:19:48]} Rd5 {[%clk 1:14:13]} 51. Rf6 {[%clk 0:18:51]} Rd7
{[%clk 1:11:16]} 52. Rh6 {[%clk 0:15:48]} f5 {[%clk 1:08:47]} 53. Re6+
{[%clk 0:15:04]} Kd5 {[%clk 1:09:01]} 54. Re1 {[%clk 0:14:11]} Rg7+
{[%clk 1:09:09]} 1/2-1/2

[Event "World Chess Olympiad 2018"]
[Site "Batumi"]
[Date "2018.09.25"]
[Round "2"]
[Board "1"]
[WhiteFideId "2300117"]
[White "Steingrimsson Hedinn"]
[BlackFideId "14117908"]
[Black "Kovalenko Igor"]
[Result "0-1"]
[LiveChessVersion "1.4.8"]
[BlackElo "2646"]
[WhiteElo "2573"]

1. d4 {[%clk 1:30:58]} Nf6 {[%clk 1:30:57]} 2. c4 {[%clk 1:31:22]} g6
{[%clk 1:31:25]} 3. Nc3 {[%clk 1:31:39]} Bg7 {[%clk 1:31:41]} 4. e4
{[%clk 1:32:06]} d6 {[%clk 1:32:05]} 5. Be2 {[%clk 1:32:11]} O-O {[%clk 1:31:23]}
6. Nf3 {[%clk 1:32:39]} Bg4 {[%clk 1:31:49]} 7. Be3 {[%clk 1:32:47]} Nfd7
{[%clk 1:32:15]} 8. Rc1 {[%clk 1:30:52]} e5 {[%clk 1:32:42]} 9. d5
{[%clk 1:24:33]} a5 {[%clk 1:33:08]} 10. h3 {[%clk 1:10:06]} Bxf3
{[%clk 1:33:35]} 11. Bxf3 {[%clk 1:10:33]} f5 {[%clk 1:34:01]} 12. h4
{[%clk 1:10:06]} f4 {[%clk 1:32:40]} 13. Bd2 {[%clk 1:10:15]} Nc5
{[%clk 1:31:51]} 14. Qe2 {[%clk 0:56:05]} h5 {[%clk 1:30:57]} 15. g4
{[%clk 0:53:20]} fxg3 {[%clk 1:28:52]} 16. fxg3 {[%clk 0:53:47]} Nba6
{[%clk 1:20:23]} 17. O-O {[%clk 0:48:39]} Qd7 {[%clk 1:07:22]} 18. g4
{[%clk 0:38:00]} Nb4 {[%clk 1:07:03]} 19. gxh5 {[%clk 0:37:36]} Nbd3
{[%clk 0:57:21]} 20. hxg6 {[%clk 0:35:57]} Nxc1 {[%clk 0:57:15]} 21. Bxc1
{[%clk 0:36:22]} Qh3 {[%clk 0:54:07]} 22. h5 {[%clk 0:29:09]} Nd3
{[%clk 0:45:11]} 23. Qg2 {[%clk 0:29:02]} Qxg2+ {[%clk 0:45:28]} 24. Kxg2
{[%clk 0:29:10]} c6 {[%clk 0:19:49]} 25. Rd1 {[%clk 0:11:23]} Nxc1
{[%clk 0:15:30]} 26. Rxc1 {[%clk 0:11:51]} Bh6 {[%clk 0:15:55]} 27. Rd1
{[%clk 0:07:21]} Rf6 {[%clk 0:16:18]} 28. Rd3 {[%clk 0:07:39]} Raf8
{[%clk 0:16:12]} 29. b3 {[%clk 0:04:52]} Bg5 {[%clk 0:16:15]} 30. a4
{[%clk 0:03:17]} Kg7 {[%clk 0:14:44]} 31. Ne2 {[%clk 0:03:26]} Bh4
{[%clk 0:13:41]} 32. Ng1 {[%clk 0:02:55]} Kh6 {[%clk 0:13:40]} 33. Rc3
{[%clk 0:02:39]} Be1 {[%clk 0:12:55]} 34. Rd3 {[%clk 0:02:59]} Bb4
{[%clk 0:12:33]} 35. Ne2 {[%clk 0:02:25]} cxd5 {[%clk 0:12:54]} 36. cxd5
{[%clk 0:02:50]} Be1 {[%clk 0:13:17]} 37. Ng1 {[%clk 0:00:44]} Rc8
{[%clk 0:13:34]} 38. Ne2 {[%clk 0:00:38]} Rc2 {[%clk 0:13:39]} 39. Kf1
{[%clk 0:00:54]} Bh4 {[%clk 0:12:42]} 40. Kg2 {[%clk 0:31:15]} Rf8
{[%clk 0:42:49]} 41. Kh3 {[%clk 0:26:46]} Be1 {[%clk 0:42:18]} 42. Kg4
{[%clk 0:16:52]} Rb2 {[%clk 0:39:45]} 43. Rd1 {[%clk 0:08:31]} Bd2
{[%clk 0:36:46]} 44. Bh1 {[%clk 0:06:43]} Bg5 {[%clk 0:36:52]} 45. Bf3
{[%clk 0:05:18]} Rxb3 {[%clk 0:36:58]} 46. Rf1 {[%clk 0:04:35]} Bd2
{[%clk 0:36:18]} 47. Rd1 {[%clk 0:04:05]} Rbxf3 {[%clk 0:31:57]} 48. Rxd2
{[%clk 0:04:33]} Rf2 {[%clk 0:32:21]} 49. Rb2 {[%clk 0:04:00]} Rg2+
{[%clk 0:32:27]} 50. Kh3 {[%clk 0:03:18]} Rff2 {[%clk 0:32:22]} 51. Rxb7
{[%clk 0:03:22]} Rxe2 {[%clk 0:32:33]} 52. Rh7+ {[%clk 0:03:19]} Kg5
{[%clk 0:32:59]} 53. Rh8 {[%clk 0:03:01]} Rh2+ {[%clk 0:33:20]} 54. Kg3
{[%clk 0:03:30]} Reg2+ {[%clk 0:33:44]} 55. Kf3 {[%clk 0:03:59]} Kh4
{[%clk 0:34:08]} 0-1